书目信息 |
| 题名: |
EViews应用实验教程
|
|
| 作者: | 任英华 主编 | |
| 分册: | ||
| 出版信息: | 长沙 湖南大学出版社 2008.07 |
|
| 页数: | 230页 | |
| 开本: | 26cm | |
| 丛书名: | 高等院校统计软件应用系列实验教材 | |
| 单 册: | ||
| 中图分类: | F224.0 | |
| 科图分类: | ||
| 主题词: | 计量经济学--ji liang jing ji xue--应用软件--实验--高等学校--教材 | |
| 电子资源: | ||
| ISBN: | 978-7-81113-405-6 | |
| 000 | 01103nam 2200265 450 | |
| 001 | 012009363698 | |
| 005 | 20090623091703.96 | |
| 010 | @a978-7-81113-405-6@dCNY33.00 | |
| 100 | @a20090623d2008 em y0chiy0120 ea | |
| 101 | 0 | @achi |
| 102 | @aCN@b430000 | |
| 105 | @aa a 000yy | |
| 106 | @ar | |
| 200 | 1 | @aEViews应用实验教程@AEViews ying yong shi yan jiao cheng@f任英华主编@Fren ying hua zhu bian |
| 210 | @a长沙@c湖南大学出版社@d2008.07 | |
| 215 | @a230页@c图@d26cm | |
| 225 | 2 | @a高等院校统计软件应用系列实验教材@Agao deng yuan xiao tong ji ruan jian ying yong xi lie shi yan jiao cai |
| 320 | @a有书目 (第230页) | |
| 330 | @a本书结合计量经济学建模与分析的基本思路和方法,通过大量的实际案例,介绍EViews软件的实际操作与应用。主要内容包括:EViews软件快速入门、线性回归模型、序列相关性、时间序列模型、向量自回归模型等。 | |
| 410 | 0 | @12001 @a高等院校统计软件应用系列实验教材 |
| 606 | 0 | @a计量经济学@Aji liang jing ji xue@x应用软件@x实验@x高等学校@j教材 |
| 690 | @aF224.0@v4 | |
| 701 | 0 | @a任英华@Aren ying hua@4主编 |
| 801 | 0 | @aCN@bQSSK@c20090623 |
| 905 | @b748188-90@dF224.0@eR572@f3 | |
| EViews应用实验教程/任英华主编.-长沙:湖南大学出版社,2008.07 |
| 230页:图;26cm.-(高等院校统计软件应用系列实验教材) |
| ISBN 978-7-81113-405-6:CNY33.00 |
| 本书结合计量经济学建模与分析的基本思路和方法,通过大量的实际案例,介绍EViews软件的实际操作与应用。主要内容包括:EViews软件快速入门、线性回归模型、序列相关性、时间序列模型、向量自回归模型等。 |
| ● |
| 相关链接 |
|
|
|
正题名:EViews应用实验教程
索取号:F224.0/R572
 
预约/预借
| 序号 | 登录号 | 条形码 | 馆藏地/架位号 | 状态 | 备注 |
| 1 | 748188 | 207481884 | 社科二线422/409社科库 72排4列4层/ [索取号:F224.0/R572] | 在馆 | |
| 2 | 748189 | 207481893 | 社科库409/409社科库 73排2列1层/ [索取号:F224.0/R572] | 在馆 | |
| 3 | 748190 | 207481900 | 社科二线422/409社科库 72排4列4层/ [索取号:F224.0/R572] | 在馆 |